000 00671aas a2200193 4500
999 _c61094
_d61094
001 768714001
003 CO-MdFUSB
005 20170829163545.0
008 170829b xxu||||| |||| 00| 0 eng d
022 _a0120-3649
040 _aCO-MdFUSB
_bspa
_cCO-MdFUSB
_dCO-MdFUSB
041 _aeng
100 1 _aGitin, Seymour
_eautor
245 1 0 _aExcavating Ekron :
_bmajor Philitine city survived by absorbing other cultures
_c/ Gitin, Seymour
300 _aVolumen 31. Número 6 (2005), páginas 40-56
_c: 28 cm.
546 _aTexto en inglés
773 0 _tBiblical Archaeology Review
_049395
_959451
_gVolumen 31. Número 6 (2005), páginas 40-56
_qPágina 40
942 _cANA